Leyendas divinas

Guardado en:
書目詳細資料
主要作者: Gante, Emilio
格式: 圖書
語言:Undetermined
出版: Madrid, España Presa Hermanos [s.f.]
主題:
標簽: 添加標簽
沒有標簽, 成為第一個標記此記錄!

MARC

LEADER 00000nam a2200000Ia 4500
008 170316s9999 xx 000 0 und d
999 |c 970  |d 970 
040 |a cru BVZT 
090 |a 100 G-6L 
100 |a Gante, Emilio 
245 |a Leyendas divinas  |c / Emilio Gante 
260 |a Madrid, España  |b Presa Hermanos  |c [s.f.] 
300 |a 127 páginas 
650 |a FILOSOFÍA  |9 5 
942 |c 15 D  |h 100 G-6L  |2 z